Mỗi ngày 30 phút học ngữ pháp tiếng Anh

Sparad:
Bibliografiska uppgifter
Huvudupphovsman: Nguyễn, Quốc Hùng
Materialtyp: Bok
Språk:Undetermined
Publicerad: Thành phố Hồ Chí Minh Nhà xuất bản Thành phố Hồ Chí Minh 2003
Ämnen:
Taggar: Lägg till en tagg
Inga taggar, Lägg till första taggen!
Thư viện lưu trữ: Trung tâm Học liệu Trường Đại học Cần Thơ
LEADER 00641nam a2200205Ia 4500
001 CTU_64598
008 210402s9999 xx 000 0 und d
020 |b 19000 
082 |a 425 
082 |b H513 
100 |a Nguyễn, Quốc Hùng 
245 0 |a Mỗi ngày 30 phút học ngữ pháp tiếng Anh 
245 0 |c Nguyến Quốc Hùng 
260 |a Thành phố Hồ Chí Minh 
260 |b Nhà xuất bản Thành phố Hồ Chí Minh 
260 |c 2003 
650 |a English language 
650 |x Grammar 
904 |i Trang (sửa) 
980 |a Trung tâm Học liệu Trường Đại học Cần Thơ